[Event "Vendredi 2019.04.05 A"]
[Site "Montreal CAN"]
[Date "2019.04.15"]
[Round "3"]
[White "Steinberg, Ellis"]
[Black "Chang, Alexander"]
[Result "0-1"]
[WhiteElo "1846"]
[BlackElo "1984"]
[PlyCount "106"]
[EventDate "2019.04.05"]
[EventType "tourn"]
[EventRounds "3"]
[EventCountry "CAN"]

1. e4 e5 2. Nf3 Nc6 3. Bb5 a6 4. Ba4 Nf6 5. O-O b5 6. Bb3 Be7 7. h3 O-O 8. Re1
d6 9. c3 Na5 10. Bc2 c5 11. d4 cxd4 12. cxd4 Nc6 13. d5 Nb4 14. Bb3 a5 15. a3
Na6 16. Nbd2 Nc5 17. Bc2 Bd7 18. Nf1 Qc7 19. Ng3 b4 20. a4 Rac8 21. Re2 Qb7 22.
b3 Bd8 23. Bb2 Bb6 24. Rc1 Qa7 25. Nd2 Ne8 26. Bb1 g6 27. Nc4 Qb8 28. Nf1 Ng7
29. Nxb6 Qxb6 30. Ne3 Qd8 31. Nc4 Nb7 32. Bd3 Nh5 33. Rec2 Nf4 34. Bf1 f5 35.
g3 Nh5 36. Nd2 Nc5 37. Rc4 fxe4 38. Nxe4 Nxe4 39. Rxe4 Qf6 40. Re2 Rxc1 41.
Qxc1 Qf3 42. Qd1 Bc8 43. Rd2 Qf7 44. Bc4 Bxh3 45. Kh2 Bd7 46. Kg2 Qf5 47. Qh1
Qe4+ 48. Kh2 Qg4 49. Qg2 Qg5 50. Rd1 Nf4 51. Qf1 Qh5+ 52. Kg1 Nh3+ 53. Kg2
Rxf2+ 0-1

[Event "Vendredi 2019.09.20 AB"]
[Site "Montreal CAN"]
[Date "2019.09.20"]
[Round "1"]
[White "Huang, Qiuyu"]
[Black "Nunez-Painchaud, Raphael"]
[Result "1/2-1/2"]
[WhiteElo "2163"]
[BlackElo "2128"]
[PlyCount "56"]
[EventDate "2019.09.20"]
[EventType "tourn"]
[EventRounds "3"]
[EventCountry "CAN"]

1. e4 c5 2. Nf3 Nc6 3. d4 cxd4 4. Nxd4 Nf6 5. Nc3 e5 6. Ndb5 d6 7. Bg5 a6 8.
Na3 b5 9. Nd5 Be7 10. Bxf6 Bxf6 11. c4 b4 12. Nc2 Rb8 13. b3 g6 14. Nxf6+ Qxf6
15. g3 h5 16. Bg2 h4 17. Qe2 a5 18. Rd1 Bb7 19. Rd3 Rd8 20. Qd2 g5 21. O-O Rh6
22. Ne3 Rg6 23. Nf5 d5 24. Rxd5 Nd4 25. Rxd8+ Qxd8 26. Nxd4 Rd6 27. gxh4 gxh4
28. f4 Rxd4 1/2-1/2

[Event "Vendredi 2019.09.20 AB"]
[Site "Montreal CAN"]
[Date "2019.09.20"]
[Round "1"]
[White "McDonough, Jonathan"]
[Black "Abdelaal, Ibrahim"]
[Result "1-0"]
[WhiteElo "2221"]
[BlackElo "2045"]
[PlyCount "81"]
[EventDate "2019.09.20"]
[EventType "tourn"]
[EventRounds "3"]
[EventCountry "CAN"]

1. Nf3 Nf6 2. g3 b6 3. Bg2 Bb7 4. O-O e6 5. d3 d5 6. c4 dxc4 7. Qa4+ Nbd7 8.
Qxc4 Be7 9. Nc3 O-O 10. Bf4 c5 11. e4 Rc8 12. Nb5 a6 13. Nd6 Bxd6 14. Bxd6 Re8
15. a4 h6 16. Bf4 e5 17. Be3 Nb8 18. Bh3 Rc7 19. Qb3 Bc8 20. Bg2 Rd7 21. Rfd1
Rd6 22. a5 Be6 23. Qc2 Nbd7 24. axb6 Qxb6 25. b4 Qb8 26. Bxc5 Nxc5 27. Qxc5 Bg4
28. h3 Bxf3 29. Bxf3 Nd7 30. Qa5 Nf8 31. Bg4 Red8 32. Qxe5 Rxd3 33. Qa5 Rxd1+
34. Rxd1 Rxd1+ 35. Bxd1 Ne6 36. Be2 Nc7 37. Bc4 Qa7 38. Qf5 Ne8 39. Qc8 Kf8 40.
Bxa6 f6 41. Bb5 1-0

[Event "Vendredi 2019.09.20 AB"]
[Site "Montreal CAN"]
[Date "2019.09.20"]
[Round "1"]
[White "Tanaka, Tyler"]
[Black "Leveille, Francois"]
[Result "1/2-1/2"]
[WhiteElo "2257"]
[BlackElo "2296"]
[PlyCount "92"]
[EventDate "2019.09.20"]
[EventType "tourn"]
[EventRounds "3"]
[EventCountry "CAN"]

1. e4 e5 2. Nf3 Nf6 3. Nxe5 d6 4. Nf3 Nxe4 5. Nc3 Nf6 6. d4 Be7 7. Bf4 O-O 8.
Qd2 a6 9. O-O-O b5 10. Bd3 Bb7 11. Rhe1 Nbd7 12. Kb1 Nb6 13. h3 Re8 14. Nh4 b4
15. Ne2 Ne4 16. Bxe4 Bxe4 17. Ng3 Nc4 18. Qe2 Nxb2 19. Kxb2 Bxh4 20. Nxe4 d5
21. Qf3 dxe4 22. Rxe4 Bf6 23. Be5 Re6 24. Bxf6 Rxf6 25. Qe2 h6 26. Re1 Qd5 27.
f3 Rf8 28. Kb1 Rd6 29. Re8 Rd8 30. Rxf8+ Kxf8 31. Qe7+ Kg8 32. Qxb4 Rd6 33. Qc3
Rb6+ 34. Ka1 Rc6 35. Qd3 g6 36. h4 Kg7 37. g4 Qa5 38. Re5 Qb4 39. a3 Qd6 40. h5
g5 41. Re8 Rb6 42. Qc3 Qf6 43. Re3 Rc6 44. Qb2 Rb6 45. Qc3 Rc6 46. Qb2 Rb6
1/2-1/2

[Event "Vendredi 2019.09.20 AB"]
[Site "Montreal CAN"]
[Date "2019.09.27"]
[Round "2"]
[White "Abdelaal, Ibrahim"]
[Black "Nunez-Painchaud, Raphael"]
[Result "0-1"]
[WhiteElo "2045"]
[BlackElo "2128"]
[PlyCount "52"]
[EventDate "2019.09.20"]
[EventType "tourn"]
[EventRounds "3"]
[EventCountry "CAN"]

1. e4 c5 2. Nf3 Nc6 3. b4 cxb4 4. d4 e6 5. a3 d5 6. e5 bxa3 7. Bxa3 Bxa3 8.
Rxa3 a6 9. Nc3 Bd7 10. Qa1 Rc8 11. Bc4 Nxd4 12. Nxd4 Rxc4 13. Nf3 Ne7 14. O-O
O-O 15. Nd2 Rc8 16. Rb1 Bc6 17. Ne2 Ng6 18. Rh3 f6 19. Nd4 Qd7 20. N2b3 Qe7 21.
Nxc6 Rxc6 22. Nd4 Rc4 23. Rb6 Qc5 24. exf6 Qxb6 25. fxg7 Rxf2 26. c3 Rb2 0-1

[Event "Vendredi 2019.09.20 AB"]
[Site "Montreal CAN"]
[Date "2019.09.25"]
[Round "2"]
[White "Leveille, Francois"]
[Black "Saha, Ananda"]
[Result "1-0"]
[WhiteElo "2296"]
[BlackElo "2266"]
[PlyCount "59"]
[EventDate "2019.09.20"]
[EventType "tourn"]
[EventRounds "3"]
[EventCountry "CAN"]

1. Nf3 e6 2. g3 f5 3. Bg2 Nf6 4. O-O Be7 5. c4 O-O 6. d4 d6 7. b4 Ne4 8. Bb2
Bf6 9. e3 Qe8 10. Nfd2 Nxd2 11. Nxd2 Kh8 12. a4 e5 13. b5 e4 14. Qc2 Nd7 15.
Rae1 c6 16. f3 d5 17. fxe4 fxe4 18. Ba3 Be7 19. Bxe7 Qxe7 20. cxd5 cxd5 21. Qc7
Re8 22. Rc1 Nf6 23. Qf4 Qb4 24. Nb1 Bd7 25. Rc7 Rac8 26. Rxb7 Qxa4 27. g4 Bxb5
28. Rxg7 Rf8 29. Qh6 Bxf1 30. Re7 1-0

[Event "Vendredi 2019.09.20 AB"]
[Site "Montreal CAN"]
[Date "2019.09.27"]
[Round "2"]
[White "McDonough, Jonathan"]
[Black "Huang, Qiuyu"]
[Result "0-1"]
[WhiteElo "2221"]
[BlackElo "2163"]
[PlyCount "78"]
[EventDate "2019.09.20"]
[EventType "tourn"]
[EventRounds "3"]
[EventCountry "CAN"]

1. e4 c5 2. Nf3 Nc6 3. d4 cxd4 4. Nxd4 g6 5. c4 Bg7 6. Be3 Nf6 7. Nc3 d6 8. Be2
O-O 9. O-O Nxd4 10. Bxd4 Bd7 11. Rc1 Bc6 12. f3 Nd7 13. Be3 a5 14. b3 Nc5 15.
Re1 Qb6 16. Qd2 Rfc8 17. Nd5 Qd8 18. Bg5 Bxd5 19. exd5 Bf6 20. Bf1 Bxg5 21.
Qxg5 e5 22. Qh6 Qb6 23. Kh1 a4 24. f4 axb3 25. axb3 f5 26. fxe5 Ne4 27. Qe3
Qxe3 28. Rxe3 dxe5 29. Kg1 Ra3 30. Be2 b5 31. Rxe4 fxe4 32. c5 e3 33. Bg4 Rxc5
34. Be6+ Kg7 35. Re1 Rxb3 36. d6 Rd3 37. d7 Kf6 38. Bh3 Ke7 39. g3 Rc2 0-1

[Event "Vendredi 2019.10.18 A"]
[Site "Montreal CAN"]
[Date "2019.10.18"]
[Round "1"]
[White "Abdelaal, Ibrahim"]
[Black "Huang, Qiuyu"]
[Result "0-1"]
[WhiteElo "1965"]
[BlackElo "2189"]
[PlyCount "72"]
[EventDate "2019.10.18"]
[EventType "tourn"]
[EventRounds "3"]
[EventCountry "CAN"]

1. e4 c5 2. Nf3 Nc6 3. b4 cxb4 4. d4 d5 5. exd5 Qxd5 6. c4 Qe4+ 7. Be3 Bf5 8.
Nbd2 Qc2 9. Qxc2 Bxc2 10. d5 Na5 11. Nd4 Ba4 12. N4b3 Nxb3 13. axb3 Bd7 14.
Rxa7 Rxa7 15. Bxa7 e6 16. Bd3 exd5 17. cxd5 Nf6 18. Bc4 b5 19. Be2 Nxd5 20. Bf3
Nc3 21. O-O f6 22. Bd4 Bd6 23. Ne4 Nxe4 24. Bxe4 Be6 25. Ra1 O-O 26. Ra6 Rd8
27. f3 Bxb3 28. Bb6 Rc8 29. Bf5 Rc1+ 30. Kf2 Bd5 31. Be3 Bc5 32. Bd3 b3 33.
Bxc5 Rxc5 34. Ra1 Rc3 35. Bxb5 b2 36. Rb1 Rc2+ 0-1

[Event "Vendredi 2019.10.18 A"]
[Site "Montreal CAN"]
[Date "2019.10.18"]
[Round "1"]
[White "Yu, Zong Yang"]
[Black "Templonuevo, Mark Geryl"]
[Result "1-0"]
[WhiteElo "2463"]
[BlackElo "1862"]
[PlyCount "93"]
[EventDate "2019.10.18"]
[EventType "tourn"]
[EventRounds "3"]
[EventCountry "CAN"]

1. d4 d5 2. c4 e6 3. Nc3 Nf6 4. cxd5 exd5 5. Bg5 Bb4 6. Nf3 Qd6 7. Nd2 c6 8. e3
O-O 9. Bd3 Re8 10. Qc2 Nbd7 11. O-O Nf8 12. Rae1 Bxc3 13. bxc3 Ng6 14. f3 h6
15. Bxf6 Qxf6 16. f4 Nf8 17. e4 Bd7 18. e5 Qh4 19. f5 c5 20. Nf3 Qh5 21. dxc5
Rac8 22. Nd4 Rxc5 23. e6 Bc6 24. Qd2 Qg5 25. Qb2 Qf6 26. Qb4 b6 27. Nxc6 Rxc6
28. Bb5 Rcc8 29. Bxe8 Rxe8 30. exf7+ Qxf7 31. Rxe8 Qxe8 32. Qd4 Qd7 33. f6 Ne6
34. Qe5 gxf6 35. Qxf6 Ng7 36. Qxh6 Qg4 37. Qf4 Qe2 38. Qf7+ Kh7 39. Qxd5 Qe3+
40. Kh1 Qxc3 41. h3 Qa3 42. Kh2 Qb4 43. Qe5 Qc4 44. Rd1 Qa4 45. Rc1 Qe8 46.
Qxe8 Nxe8 47. Rc8 1-0

[Event "Vendredi 2019.10.18 A"]
[Site "Montreal CAN"]
[Date "2019.10.25"]
[Round "2"]
[White "Abdelaal, Ibrahim"]
[Black "Yu, Zong Yang"]
[Result "0-1"]
[WhiteElo "1965"]
[BlackElo "2463"]
[PlyCount "84"]
[EventDate "2019.10.18"]
[EventType "tourn"]
[EventRounds "3"]
[EventCountry "CAN"]

1. e4 c6 2. d4 d5 3. e5 Bf5 4. Ne2 e6 5. Ng3 Bg6 6. h4 h5 7. Bd3 Bxd3 8. cxd3
Qb6 9. Be3 Qxb2 10. O-O Nd7 11. Nd2 Qa3 12. Rb1 Qa6 13. f4 g6 14. Nf3 Nh6 15.
Qb3 O-O-O 16. Ng5 Be7 17. Bd2 Kb8 18. Rfc1 c5 19. Be3 cxd4 20. Bxd4 Rc8 21. Kh1
Ba3 22. Rxc8+ Rxc8 23. Ne2 b6 24. Be3 Be7 25. Rc1 Rxc1+ 26. Nxc1 Qa5 27. Nf3
Nf5 28. Bf2 Bc5 29. Qc2 Bxf2 30. Qxf2 Qb4 31. Qc2 Qxf4 32. Ne2 Qb4 33. Qc6 Qe7
34. g3 Nc5 35. Ned4 Nxd4 36. Nxd4 Qd7 37. Qxd7 Nxd7 38. Nf3 Nc5 39. d4 Ne4 40.
Ng5 Nxg5 41. hxg5 Kc7 42. Kg1 Kc6 0-1

[Event "Vendredi 2019.10.18 A"]
[Site "Montreal CAN"]
[Date "2019.10.25"]
[Round "2"]
[White "Huang, Qiuyu"]
[Black "Templonuevo, Mark Geryl"]
[Result "1-0"]
[WhiteElo "2189"]
[BlackElo "1862"]
[PlyCount "73"]
[EventDate "2019.10.18"]
[EventType "tourn"]
[EventRounds "3"]
[EventCountry "CAN"]

1. e4 e5 2. Nf3 Nc6 3. Bc4 Nf6 4. d3 Bc5 5. c3 a5 6. O-O d6 7. Bb3 Bb6 8. Nbd2
O-O 9. h3 h6 10. Re1 Be6 11. Nf1 Qb8 12. Bc2 Qa7 13. Be3 Ne7 14. d4 Ng6 15. Ng3
c6 16. Qc1 Kh7 17. Nf5 Rfd8 18. Bxh6 Bxf5 19. exf5 gxh6 20. fxg6+ fxg6 21. Kh1
Bc7 22. dxe5 dxe5 23. Nxe5 Qxf2 24. Nxg6 Rd2 25. Qxd2 Qxd2 26. Re7+ Kg8 27. Bf5
Qd6 28. Be6+ Qxe6 29. Rxe6 Kf7 30. Re7+ Kxg6 31. Rxc7 Nd5 32. Rxb7 Rf8 33. Kg1
Kh5 34. Re1 Rg8 35. Rf7 Rb8 36. Re6 Rxb2 37. Rf5+ 1-0

[Event "Vendredi 2019.10.18 A"]
[Site "Montreal CAN"]
[Date "2019.11.01"]
[Round "3"]
[White "Templonuevo, Mark Geryl"]
[Black "Abdelaal, Ibrahim"]
[Result "1-0"]
[WhiteElo "1862"]
[BlackElo "1965"]
[PlyCount "155"]
[EventDate "2019.10.18"]
[EventType "tourn"]
[EventRounds "3"]
[EventCountry "CAN"]

1. c4 Nf6 2. Nf3 b6 3. g3 Bb7 4. Bg2 c5 5. O-O e6 6. b3 Be7 7. Bb2 O-O 8. e3 d5
9. Ne5 Nbd7 10. f4 Qc7 11. d3 dxc4 12. bxc4 Bxg2 13. Kxg2 Rad8 14. a4 Nb8 15.
Qf3 Na6 16. Nc3 Nb4 17. Rad1 a6 18. g4 Nd7 19. Ne4 f5 20. Nf2 Nxe5 21. Bxe5 Qd7
22. g5 Bd6 23. Bc3 a5 24. Ra1 Bc7 25. Rfd1 Qc6 26. Qxc6 Nxc6 27. Rab1 Rf7 28.
Kf1 Rfd7 29. Ke2 Nb4 30. Rd2 g6 31. Bf6 Re8 32. Bc3 Red8 33. h4 Bd6 34. h5 Bf8
35. h6 Bd6 36. Bf6 Be7 37. Ba1 Bd6 38. Rb3 Bc7 39. Bf6 Re8 40. d4 cxd4 41. Rxd4
Rxd4 42. Bxd4 Rd8 43. Nd1 Rc8 44. Rb1 Bd8 45. Nb2 Rc6 46. Kd2 Kf7 47. Kc3 Be7
48. Rd1 Ke8 49. Kb3 Bc5 50. Nd3 Nxd3 51. Rxd3 Rd6 52. Kc2 Kd7 53. Rb3 Bxd4 54.
exd4 Rxd4 55. Kc3 Rd6 56. c5 Rc6 57. Rxb6 Rxc5+ 58. Kd4 Rd5+ 59. Kc4 Ke7 60.
Ra6 Kf7 61. Ra7+ Kg8 62. Re7 Rd1 63. Rxe6 Rb1 64. Re8+ Kf7 65. Rh8 Rb4+ 66. Kd5
Rxf4 67. Rxh7+ Kg8 68. Rg7+ Kh8 69. Rxg6 Rxa4 70. Rf6 Rb4 71. g6 Rb8 72. Rxf5
a4 73. Ke6 Ra8 74. Kf7 Ra7+ 75. Kf6 Ra6+ 76. Kg5 Ra8 77. g7+ Kg8 78. Kg6 1-0

[Event "Vendredi 2019.10.18 A"]
[Site "Montreal CAN"]
[Date "2019.11.01"]
[Round "3"]
[White "Yu, Zong Yang"]
[Black "Huang, Qiuyu"]
[Result "1-0"]
[WhiteElo "2463"]
[BlackElo "2189"]
[PlyCount "56"]
[EventDate "2019.10.18"]
[EventType "tourn"]
[EventRounds "3"]
[EventCountry "CAN"]

1. d4 f5 2. c4 Nf6 3. Nc3 g6 4. h4 Bg7 5. h5 d6 6. hxg6 hxg6 7. Rxh8+ Bxh8 8.
Bg5 Be6 9. Qd3 Nbd7 10. O-O-O c6 11. Kb1 Qa5 12. Nf3 O-O-O 13. Nd2 Bf7 14. f3
e5 15. e3 Bg7 16. Be2 Qc7 17. Ka1 Re8 18. g4 Be6 19. Rg1 Nf8 20. d5 Bd7 21.
gxf5 gxf5 22. e4 f4 23. Bxf4 Nh5 24. Be3 Bf6 25. dxc6 bxc6 26. c5 dxc5 27. Qa6+
Qb7 28. Qa3 Ne6 1-0

[Event "Vendredi 2019.11.15 AB"]
[Site "Montreal CAN"]
[Date "2019.11.15"]
[Round "1"]
[White "Abdelaal, Ibrahim"]
[Black "Bouchard, Jean-Marc"]
[Result "1-0"]
[WhiteElo "1905"]
[BlackElo "1842"]
[PlyCount "39"]
[EventDate "2019.11.15"]
[EventType "tourn"]
[EventRounds "3"]
[EventCountry "CAN"]

1. e4 c6 2. d4 d5 3. e5 Bf5 4. Ne2 e6 5. Ng3 Bg6 6. h4 h6 7. h5 Bh7 8. Bd3 Bxd3
9. cxd3 Qb6 10. Be3 Qxb2 11. Nd2 Qb6 12. O-O Ne7 13. Rb1 Qc7 14. Qg4 b6 15. f4
Qd7 16. f5 exf5 17. Nxf5 Nxf5 18. Rxf5 Na6 19. e6 Qxe6 20. Re5 1-0

[Event "Vendredi 2019.11.15 AB"]
[Site "Montreal CAN"]
[Date "2019.11.15"]
[Round "1"]
[White "Cardona, Misael"]
[Black "Nunez, Omar"]
[Result "0-1"]
[WhiteElo "2231"]
[BlackElo "1951"]
[PlyCount "25"]
[EventDate "2019.11.15"]
[EventType "tourn"]
[EventRounds "3"]
[EventCountry "CAN"]

1. c4 d6 2. Nc3 Nf6 3. d4 c5 4. d5 e5 5. e4 Be7 6. Nf3 Nbd7 7. Be2 Nf8 8. a3
Ng6 9. g3 h5 10. h4 Bg4 11. Be3 Qd7 12. Ng5 Bxe2 13. Qxe2 {Cell phone} 0-1

[Event "Vendredi 2019.11.15 AB"]
[Site "Montreal CAN"]
[Date "2019.11.15"]
[Round "1"]
[White "Templonuevo, Mark Geryl"]
[Black "Sekki, Abderaouf"]
[Result "1-0"]
[WhiteElo "1929"]
[BlackElo "1834"]
[PlyCount "65"]
[EventDate "2019.11.15"]
[EventType "tourn"]
[EventRounds "3"]
[EventCountry "CAN"]

1. c4 f5 2. Nc3 Nf6 3. d4 g6 4. h4 Bg7 5. h5 gxh5 6. Bg5 O-O 7. Nh3 d6 8. Nf4
Qe8 9. e3 c6 10. Be2 e5 11. Nxh5 Nbd7 12. Nxg7 Kxg7 13. Bh6+ Kg8 14. Bxf8 Nxf8
15. d5 c5 16. Nb5 Qe7 17. Qc2 a6 18. Nc3 Ng6 19. O-O-O e4 20. g3 Ne5 21. Rh4
Bd7 22. a4 Qe8 23. Rh6 Kg7 24. Rdh1 b5 25. cxb5 axb5 26. Nxb5 Bxb5 27. Bxb5 Qf7
28. Qb3 Nfg4 29. R6h4 Nxf2 30. Rf1 Nfg4 31. Bc6 Nd3+ 32. Kd2 Qg6 33. Qb7+ 1-0

[Event "Vendredi 2019.11.15 AB"]
[Site "Montreal CAN"]
[Date "2019.11.15"]
[Round "1"]
[White "Tinica, Gabriel"]
[Black "Mok, Yuen Tak"]
[Result "1/2-1/2"]
[WhiteElo "1987"]
[BlackElo "2044"]
[PlyCount "58"]
[EventDate "2019.11.15"]
[EventType "tourn"]
[EventRounds "3"]
[EventCountry "CAN"]

1. d4 d5 2. Bf4 Nf6 3. e3 c5 4. c3 e6 5. Nf3 Be7 6. Nbd2 Nc6 7. Bd3 O-O 8. Ne5
Bd6 9. h4 Qc7 10. Ndf3 Ne4 11. Bxe4 dxe4 12. Ng5 cxd4 13. Nxc6 Bxf4 14. exf4
bxc6 15. Qxd4 Qxf4 16. Qxe4 Qxe4+ 17. Nxe4 e5 18. Nc5 Rd8 19. O-O Bf5 20. Rfd1
Kf8 21. b4 Rxd1+ 22. Rxd1 a5 23. a3 axb4 24. axb4 Ke7 25. c4 Rb8 26. Na6 Rb6
27. Ra1 Bd3 28. Nc5 Bf5 29. Ra7+ Kf6 1/2-1/2

[Event "Vendredi 2019.11.15 AB"]
[Site "Montreal CAN"]
[Date "2019.11.22"]
[Round "2"]
[White "Cardona, Misael"]
[Black "Tinica, Gabriel"]
[Result "1-0"]
[WhiteElo "2231"]
[BlackElo "1987"]
[PlyCount "81"]
[EventDate "2019.11.15"]
[EventType "tourn"]
[EventRounds "3"]
[EventCountry "CAN"]

1. e4 c5 2. Nc3 Nc6 3. Nge2 g6 4. g3 Bg7 5. Bg2 e6 6. d3 Nge7 7. O-O O-O 8. Be3
b6 9. Qd2 d5 10. exd5 exd5 11. Bg5 Be6 12. Nf4 Qd7 13. Rae1 Rad8 14. Nxe6 fxe6
15. Bh3 Nd4 16. f4 Rde8 17. Nd1 h6 18. Bxe7 Rxe7 19. c3 Nc6 20. Qe2 Rfe8 21.
Qg4 Kh7 22. Nf2 Qd6 23. Re2 b5 24. Rfe1 b4 25. Rxe6 Rxe6 26. Rxe6 Rxe6 27. Qxe6
Qxe6 28. Bxe6 bxc3 29. bxc3 Bxc3 30. Bxd5 Nb4 31. Bc4 Bd4 32. Kg2 Nc2 33. Ne4
Ne3+ 34. Kf3 Nxc4 35. dxc4 Kg7 36. Nd6 a6 37. Ke4 Kf6 38. Ne8+ Ke7 39. Nc7 a5
40. g4 Kd6 41. Nb5+ 1-0

[Event "Vendredi 2019.11.15 AB"]
[Site "Montreal CAN"]
[Date "2019.11.27"]
[Round "2"]
[White "Nunez, Omar"]
[Black "Mok, Yuen Tak"]
[Result "0-1"]
[WhiteElo "1951"]
[BlackElo "2044"]
[PlyCount "94"]
[EventDate "2019.11.15"]
[EventType "tourn"]
[EventRounds "3"]
[EventCountry "CAN"]

1. Nf3 d5 2. d4 Nf6 3. Bf4 c5 4. e3 Nc6 5. Nc3 Bg4 6. Be2 e6 7. O-O Bd6 8. Ne5
Bxe2 9. Qxe2 cxd4 10. exd4 Nxd4 11. Qd3 Nc6 12. Qb5 O-O 13. Rfe1 Qc7 14. Qe2 a6
15. Rad1 Rac8 16. Bg3 Nxe5 17. Bxe5 Bxe5 18. Qxe5 Qxe5 19. Rxe5 Rc4 20. Rd2
Rfc8 21. f3 d4 22. Ne4 Rxc2 23. Rxd4 Rxb2 24. Rc5 Rb1+ 25. Kf2 Nxe4+ 26. fxe4
Rf8 27. a4 h6 28. a5 b6 29. axb6 Rxb6 30. Ra5 Rc8 31. Rd7 Ra8 32. Rc5 Rf8 33.
Rcc7 g5 34. Ke3 Kg7 35. g4 Rb2 36. Ra7 Rxh2 37. Rxa6 Kg6 38. Raa7 h5 39. gxh5+
Rxh5 40. Kd4 Rh2 41. Ke3 Rh3+ 42. Kd4 Rf3 43. Ra2 Rh8 44. Ra6 Rh4 45. Ra4 Rhf4
46. Ra8 Rf1 47. Rb7 Rd1+ 0-1

[Event "Vendredi 2019.11.15 AB"]
[Site "Montreal CAN"]
[Date "2019.11.29"]
[Round "3"]
[White "Bouchard, Jean-Marc"]
[Black "Templonuevo, Mark Geryl"]
[Result "0-1"]
[WhiteElo "1842"]
[BlackElo "1929"]
[PlyCount "58"]
[EventDate "2019.11.15"]
[EventType "tourn"]
[EventRounds "3"]
[EventCountry "CAN"]

1. e4 e6 2. d4 d5 3. Nc3 Nc6 4. Nf3 Nf6 5. Bg5 Bb4 6. e5 h6 7. Bh4 g5 8. Nxg5
Ne4 9. Ngxe4 Qxh4 10. Nf6+ Kd8 11. Qg4 Qxg4 12. Nxg4 Nxd4 13. O-O-O c5 14. Ne4
Nc6 15. c3 Ba5 16. Nxc5 h5 17. Ne3 Nxe5 18. Nxd5 Ke8 19. Nf6+ Ke7 20. Nfe4 Bb6
21. Nd3 Nxd3+ 22. Bxd3 f5 23. Nd2 Bxf2 24. Nc4 b5 25. Ne5 Kf6 26. Nc6 a6 27.
Nd4 Bb7 28. Nf3 Rhg8 29. Bf1 Be4 0-1

[Event "Vendredi 2019.11.15 AB"]
[Site "Montreal CAN"]
[Date "2019.11.29"]
[Round "3"]
[White "Mok, Yuen Tak"]
[Black "Cardona, Misael"]
[Result "*"]
[WhiteElo "2044"]
[BlackElo "2231"]
[PlyCount "100"]
[EventDate "2019.11.15"]
[EventType "tourn"]
[EventRounds "3"]
[EventCountry "CAN"]

1. Nf3 d6 2. g3 f5 3. d4 Nf6 4. Bg2 g6 5. O-O Bg7 6. b3 O-O 7. Bb2 c6 8. c4 Qa5
9. Qd2 Qc7 10. Nc3 e5 11. dxe5 dxe5 12. e4 Na6 13. Rad1 fxe4 14. Ng5 Bg4 15.
Rb1 Rfd8 16. Qe3 Rd3 17. Qc1 e3 18. f3 Bf5 19. g4 Bh6 20. h4 Bd7 21. Re1 Rf8
22. Bf1 e4 23. Ngxe4 Nxe4 24. Nxe4 Rxf3 25. g5 Rf2 26. Bg2 Bh3 27. Nxf2 exf2+
28. Kxf2 Qg3+ 29. Ke2 Bg4+ 30. Kf1 Rf3+ 31. Bxf3 Qxf3+ 32. Kg1 Qg3+ 33. Kf1
Bh3+ 34. Ke2 Bf8 35. Qe3 Qg2+ 36. Kd1 Bg4+ 37. Kc1 Nb4 38. Qd2 Nxa2+ 39. Kc2
Bf5+ 40. Kd1 Qf3+ 41. Re2 Qxb3+ 42. Ke1 Bb4 43. Bc3 Qxb1+ 44. Kf2 Bc5+ 45. Kg3
Qb6 46. Qf4 Nxc3 47. Re8+ Kf7 48. Qe5 Ne4+ 49. Kg2 Bd6 50. Qh8 Qf2+ *

[Event "Victoria op"]
[Site "Victoria CAN"]
[Date "2019.01.18"]
[Round "1.1"]
[White "Sali, Zulfikar"]
[Black "O'Brien, Frank"]
[Result "1-0"]
[WhiteElo "2316"]
[BlackElo "1726"]
[PlyCount "93"]
[EventDate "2019.01.18"]
[EventType "swiss"]
[EventRounds "5"]
[EventCountry "CAN"]

1. Nf3 Nf6 2. g3 g6 3. Bg2 Bg7 4. O-O O-O 5. d3 d6 6. Nc3 Nbd7 7. e4 c6 8. h3
Qc7 9. Be3 b6 10. Qd2 Rd8 11. Bh6 Bh8 12. Ng5 Nc5 13. f4 Ne6 14. Nf3 Nd7 15. d4
Bb7 16. f5 Nef8 17. fxg6 hxg6 18. Ne2 c5 19. d5 Ba6 20. c3 Ne5 21. Nxe5 Bxe5
22. Bf4 Bf6 23. Rf2 Nd7 24. Raf1 Bg7 25. h4 f6 26. Bh3 Ne5 27. Be3 Kh7 28. h5
Bc8 29. hxg6+ Kxg6 30. Be6 Bxe6 31. Nf4+ Kf7 32. Nxe6 Qd7 33. Bf4 Rh8 34. Bxe5
dxe5 35. Qg5 Rag8 36. Rh2 Bf8 37. Qxe5 Rxh2 38. Kxh2 Rh8+ 39. Kg2 Qb5 40. Rf2
Qd3 41. Ng5+ Kg7 42. Qf5 Qd1 43. Nh3 Rh5 44. Qf4 Qb1 45. Qg4+ Kh6 46. d6 Qd3
47. Qxh5+ 1-0

[Event "Victoria op"]
[Site "Victoria CAN"]
[Date "2019.01.18"]
[Round "1.2"]
[White "Sardari, Reza"]
[Black "Moore, Harry"]
[Result "0-1"]
[WhiteElo "1719"]
[BlackElo "2163"]
[PlyCount "84"]
[EventDate "2019.01.18"]
[EventType "swiss"]
[EventRounds "5"]
[EventCountry "CAN"]

1. d4 Nf6 2. Bg5 c6 3. Nf3 d5 4. Nc3 Nbd7 5. g3 Ne4 6. Nxe4 dxe4 7. Nd2 Qb6 8.
Nb3 Nf6 9. Bg2 Bf5 10. O-O O-O-O 11. Bxf6 exf6 12. e3 h5 13. h3 Be6 14. Qe2 f5
15. c4 h4 16. d5 cxd5 17. cxd5 Bxd5 18. g4 g6 19. Qc2+ Kb8 20. Qc3 Bb4 21. Qe5+
Bd6 22. Qd4 fxg4 23. Qxb6 axb6 24. Nd2 f5 25. Rfd1 Be5 26. hxg4 Bxb2 27. Rab1
Bc3 28. Rxb6 Bxa2 29. gxf5 gxf5 30. Rb5 h3 31. Bf1 Be6 32. Rdb1 h2+ 33. Kh1
Rxd2 34. Rxb7+ Kc8 35. Re7 Bd7 36. Rc1 Kd8 37. Rxd7+ Kxd7 38. Bb5+ Ke7 39. Rf1
Be5 40. f3 exf3 41. Rxf3 Rg8 42. Rf1 Rdg2 0-1

[Event "Victoria op"]
[Site "Victoria CAN"]
[Date "2019.01.18"]
[Round "1.3"]
[White "Gansvind, Valeria"]
[Black "Diemecke, Pablo"]
[Result "1-0"]
[WhiteElo "2131"]
[BlackElo "1707"]
[PlyCount "69"]
[EventDate "2019.01.18"]
[EventType "swiss"]
[EventRounds "5"]
[EventCountry "CAN"]

1. d4 d5 2. Bg5 c5 3. dxc5 Nc6 4. c3 a5 5. e3 Nf6 6. Bxf6 exf6 7. Ne2 Bxc5 8.
Nf4 Be6 9. a4 O-O 10. Na3 Qb6 11. Nb5 Rfd8 12. Be2 Ne5 13. O-O Rd7 14. Nd3 Be7
15. b3 Rc8 16. Qd2 h6 17. Rac1 Bf5 18. Nf4 Rcd8 19. Nd4 Be6 20. Bb5 Rc7 21.
Rfd1 Bg4 22. f3 Be6 23. Kh1 Rdc8 24. Rc2 Bf8 25. Rdc1 Ba3 26. Rf1 Bc5 27. Re1
Rd8 28. Nh5 Be7 29. f4 Nc6 30. Ng3 Nxd4 31. exd4 f5 32. Ne2 Bh4 33. g3 Bf6 34.
Ng1 Bxd4 35. cxd4 1-0

[Event "Victoria op"]
[Site "Victoria CAN"]
[Date "2019.01.18"]
[Round "1.5"]
[White "Huang, Patrick"]
[Black "Forman, Ken"]
[Result "0-1"]
[WhiteElo "2054"]
[BlackElo "1646"]
[PlyCount "110"]
[EventDate "2019.01.18"]
[EventType "swiss"]
[EventRounds "5"]
[EventCountry "CAN"]

1. d4 Nf6 2. Bf4 g6 3. Nc3 Bg7 4. e4 d6 5. Qd2 O-O 6. f3 Re8 7. O-O-O c6 8. Bh6
Bh8 9. h4 b5 10. h5 b4 11. Nb1 Qa5 12. hxg6 fxg6 13. g4 Be6 14. Nh3 Nbd7 15.
Nf4 Bf7 16. a3 Rab8 17. Nd3 c5 18. dxc5 Nxc5 19. Nxc5 dxc5 20. e5 Red8 21. Bd3
c4 22. exf6 Bxf6 23. Bf4 Bxb2+ 24. Kxb2 c3+ 25. Ka1 cxd2 26. Bxb8 Rxb8 27. Rxd2
Qe5+ 28. c3 bxc3 29. Rc2 Rb2 30. Rhc1 Rxc2 31. Rxc2 Qd5 32. Be4 Qd1 33. Rxc3
Qd4 34. Kb2 Bd5 35. Bc2 Bxf3 36. Kc1 Qg1+ 37. Kd2 Qxg4 38. Bb3+ Kg7 39. Rc4
Qg5+ 40. Kc3 Qe5+ 41. Rd4 Be2 42. Bc4 Qe3+ 43. Bd3 Bxd3 44. Rxd3 Qc1+ 45. Kd4
Qxb1 46. Re3 Qb2+ 47. Ke4 Qc2+ 48. Kf3 Qf5+ 49. Ke2 e5 50. Rf3 Qg4 51. Kf2 e4
52. Re3 Qf4+ 53. Ke2 Qh2+ 54. Kf1 Qh1+ 55. Kf2 h5 0-1